00385 a2200157 4500003000400000005001700004008004100021020001800062040000900080082002000089100002600109245003600135250001300171260003300184300001000217OSt20231206101109.0231206b |||||||| |||| 00| 0 eng d a9788126424481 coclc a894.8123bMAN/E aMangad, Ambikasuthan  aEnmakaje /cAmbikasuthan Mangad a24th ed. aKottayam:bD C Books,c2022. a200p.